Sociálna politika v krízovom vývoji od roku 2010 bakalárska práca

Salvato in:
Dettagli Bibliografici
Autore principale: Mikuláš, Marek
Ente Autore: Národohospodárska fakulta EU. Katedra hospodárskej politiky
Altri autori: Lukáčik, Ján
Natura: Libro
Lingua:slovacco
Pubblicazione: Bratislava 2013
Tags: Aggiungi Tag
Nessun Tag, puoi essere il primo ad aggiungerne!!

MARC

LEADER 00000nbm a2200000 4500
001 0172683
005 20161109112110.8
041 0 |a slo 
044 |a SK 
245 1 0 |a Sociálna politika v krízovom vývoji od roku 2010  |b bakalárska práca  |c Marek Mikuláš ; školiteľ: Ján Lukáčik 
264 1 |a Bratislava  |c 2013 
300 |a 50 s. 
100 1 |a Mikuláš, Marek 
700 1 |a Lukáčik, Ján 
710 2 |a Národohospodárska fakulta EU. Katedra hospodárskej politiky